LEADER 00878nam0-2200313---450- 001 990008260540403321 005 20060123131119.0 010 $a8883636155 035 $a000826054 035 $aFED01000826054 035 $a(Aleph)000826054FED01 035 $a000826054 100 $a20060123d2004----km-y0itay50------ba 101 0 $aita 102 $aIT 105 $a--------001yy 200 1 $aPrimi in economia$eincontri ravvicinati con 41 imprenditori a prova di crisi$fMauro Castelli 210 $aMilano$cIl sole-24 ore$d2004 215 $a433 p.$d22cm 610 0 $aItalia$aImprenditori$aBiografie 676 $a338.70945 700 1$aCastelli,$bMauro$0141820 801 0$aIT$bUNINA$gRICA$2UNIMARC 901 $aBK 912 $a990008260540403321 952 $aSE119.01.21-$b5895D$fDECSE 959 $aDECSE 996 $aPrimi in economia$9742014 997 $aUNINA LEADER 01058nam0-2200361---450- 001 990008491510403321 005 20071017101042.0 010 $a0-691-12862-6 035 $a000849151 035 $aFED01000849151 035 $a(Aleph)000849151FED01 035 $a000849151 100 $a20070323d2007----km-y0itay50------ba 101 0 $aeng 102 $aUS 105 $aa---a---001yy 200 1 $aIntegration of one-forms on P-adic analytic spaces$fVladimir G. Berkovich 210 $aPrinceton$cPrinceton University Press$dc2007 215 $avi, 156 p.$d24 cm 225 1 $aAnnals of mathematics studies$v162 610 0 $aGeometria algebrica 610 0 $aVariabili complesse e spazi analitici 676 $a516.35$v21$zita 700 1$aBerkovich,$bVladimir G.$054437 801 0$aIT$bUNINA$gRICA$2UNIMARC 901 $aBK 912 $a990008491510403321 952 $aC-11-(162$b21840$fMA1 959 $aMA1 962 $a14-02 962 $a32-02 996 $aIntegration of one-forms on P-adic analytic spaces$9731293 997 $aUNINA LEADER 00991nam--2200337---450 001 990003081250203316 005 20200710073140.0 010 $a978-0-7123-4922-2 035 $a000308125 035 $aUSA01000308125 035 $a(ALEPH)000308125USA01 035 $a000308125 100 $a20080314d2007----km-y0itay50------ba 101 0 $aeng 102 $aGB 105 $ah|||||||001yy 200 1 $aBible manuscripts$e1400 years of scribes and scripture$fScot McKendrick and Kathleen Doyle 210 $aLondon$cThe British library$d2007 215 $a160 p.$cill.$d26 cm 606 0 $aBibbia$xManoscritti$2BNCF 676 $a220.4 700 1$aMCKENDRICK,$bScot$0600749 701 1$aDOYLE,$bKathleen$0600750 801 0$aIT$bsalbc$gISBD 912 $a990003081250203316 951 $aI.2.B. 613$b204237 L.M.$cI.2.B.$d00200139 951 $aI.2.B. 613a$b231946 L.M.$cI.2.B.$d00296952 959 $aBK 969 $aUMA 996 $aBible manuscripts$91023604 997 $aUNISA LEADER 01055nam0-22002891i-450 001 990005332840403321 005 20221201095630.0 035 $a000533284 035 $aFED01000533284 035 $a(Aleph)000533284FED01 035 $a000533284 100 $a19990530d1938----km-y0itay50------ba 101 0 $ager 105 $ay-------001yy 200 1 $aZur Urgeschichte der Kelten und Illyrier$fvon Julius Pokorny$gmit einem Beitrage von Richard Pittioni$edie Urnenfelderkultur und ihre Bedeutung fnr die europäische Kulturentwicklung 210 $aHalle (Saale)$cMax Niemeyer$d1938 215 $a222 p.$d23 cm 304 $aAl front.: Sonderdruck aus Zeitschrift fnr celtische Philologie Band XX, Heft 2 und 3 / Band XXI, Heft 1 700 1$aPokorny,$bJulius$f<1887-1970>$0156439 702 1$aPittioni,$bRichard 801 0$aIT$bUNINA$gRICA$2UNIMARC 901 $aBK 912 $a990005332840403321 952 $aARCH. BM PR 035$bARCH. 13609$fFLFBC 959 $aFLFBC 996 $aZur Urgeschichte der Kelten und Illyrier$9599566 997 $aUNINA LEADER 02012nas 2200421 n 450 001 990008893860403321 005 20240229084435.0 011 $a0003-3499 035 $a000889386 035 $aFED01000889386 035 $a(Aleph)000889386FED01 035 $a000889386 091 $2CNR$aP 00095526 100 $a20090724a19339999km-y0itaa50------ba 101 0 $aeng 110 $aauu-------- 200 1 $aAnimal breeding abstracts 207 1$a1933- 210 $aEdinburgh$cCAB International 326 $aMensile 530 0 $aAnimal breeding abstracts 675 $a636 676 $a591.150 16 676 $a636 712 02$aCommonwealth Bureau of Animal Breeding and Genetics 801 0$aIT$bACNP$c20090723 859 4 $uhttp://acnp.cib.unibo.it/cgi-ser/start/it/cnr/dc-p1.tcl?catno=63938&person=false&language=ITALIANO&libr=&libr_th=unina1$zBiblioteche che possiedono il periodico 901 $aSE 912 $a990008893860403321 958 $aBiblioteca. Dipartimento di Scienze del Suolo, della Pianta, dell'Ambiente e della Produzioni Animali -Sez. Scienze zootecniche$b1933-1997;$fDAGSZ 958 $aBiblioteca. Dipartimento di Scienze Zootecniche ed Ispezione degli Alimenti dell'Università Federico II. Sezione Beniamino Ferrara$b1955-$fDMVBF 959 $aDAGSZ 959 $aDMVBF 996 $aAnimal breeding abstracts$9801440 997 $aUNINA AP1 8 $6866-01$aNA085 Biblioteca. Dipartimento di Scienze del Suolo, della Pianta, dell'Ambiente e della Produzioni Animali -Sez. Scienze zootecniche$ev. Università,100, 80055 Portici (NA)$m08125.39322$nit AP1 8 $6866-02$aNA096 Biblioteca. Dipartimento di Scienze Zootecniche ed Ispezione degli Alimenti dell'Università Federico II. Sezione Beniamino Ferrara$ev. Delpino,1, Napoli (NA)$m081 4421929/11$nit AP2 40$aacnp.cib.unibo.it$nACNP Italian Union Catalogue of Serials$uhttp://acnp.cib.unibo.it/cgi-ser/start/it/cnr/df-p.tcl?catno=63938&language=ITALIANO&libr=&person=&B=1&libr_th=unina&proposto=NO